000 00527njm a2200205 i 4500
001 C2-0283439
003 PPAK
005 20180729152357.0
008 071114s2007 my |||| ||||| | may d
040 _aPPAK
_beng
_cPPAK
_erda
245 0 0 _aPergi tak kembali
264 1 _aKuala Lumpur :
_bRabbani Productions ,
_c2007
336 _2rdacontent
_atext
337 _2rdamedia
_aunmediated
338 _2rdacarrier
_avolume
500 _aCD 0884/07
650 1 0 _aSacred songs ; Nasyid
700 _eauthor
942 _ddc
_cB
999 _c163643
_d163643